Allman Brothers Band Albums Tile Select - Statistics

General Stats
  • This quiz has been taken 3 times
  • The average score is 23 of 30
Answer Stats
Question Tile Select % Correct
the followings songs that are on Brothers and Sisters (1973). Come and Go Blues Yes
100%
the followings songs that are on At Fillmore East (1971). Done Somebody Wrong Yes
100%
the followings songs that are on Idlewild South (1970). Don't Want You No More No
100%
the followings songs that are on The Allman Brothers Band (1969). Dreams Yes
100%
the followings songs that are on Idlewild South (1970). In Memory of Elizabeth Reed Yes
100%
the followings songs that are on Eat a Peach (1972). Little Martha Yes
100%
the followings songs that are on Idlewild South (1970). Midnight Rider Yes
100%
the followings songs that are on Idlewild South (1970). Revival Yes
100%
the followings songs that are on Eat a Peach (1972). Stand Back Yes
100%
the followings songs that are on At Fillmore East (1971). Statesboro Blues Yes
100%
the followings songs that are on At Fillmore East (1971). Stormy Monday Yes
100%
the followings songs that are on Eat a Peach (1972). Wasted Words No
100%
the followings songs that are on The Allman Brothers Band (1969). Whipping Post Yes
100%
the followings songs that are on Eat a Peach (1972). Ain't Wastin' Time No More Yes
67%
the followings songs that are on Brothers and Sisters (1973). Blue Sky No
67%
the followings songs that are on The Allman Brothers Band (1969). Hoochie Coochie Man No
67%
the followings songs that are on At Fillmore East (1971). Hot 'Lanta Yes
67%
the followings songs that are on The Allman Brothers Band (1969). It's Not My Cross to Bear Yes
67%
the followings songs that are on Brothers and Sisters (1973). Jessica Yes
67%
the followings songs that are on The Allman Brothers Band (1969). Leave My Blues at Home No
67%
the followings songs that are on Eat a Peach (1972). Les Brers in A Minor Yes
67%
the followings songs that are on Brothers and Sisters (1973). Melissa No
67%
the followings songs that are on At Fillmore East (1971). Mountain Jam No
67%
the followings songs that are on At Fillmore East (1971). One Way Out No
67%
the followings songs that are on Brothers and Sisters (1973). Ramblin' Man Yes
67%
the followings songs that are on Eat a Peach (1972). Southbound No
67%
the followings songs that are on Idlewild South (1970). Trouble No More No
67%
the followings songs that are on Brothers and Sisters (1973). Jelly Jelly Yes
33%
the followings songs that are on The Allman Brothers Band (1969). Don't Keep Me Wonderin' No
0%
the followings songs that are on Idlewild South (1970). Every Hungry Woman No
0%
No matching quizzes found
Score Distribution
Percent of People with Each Score
Percentile by Number Answered
Your Score History
You have not taken this quiz